[Event "39th TCh-GRE"]
[Site "Eretria GRE"]
[Date "2011.07.06"]
[Round "5.15"]
[White "Papastavropoulos, Andreas"]
[Black "Kaloskambis, Mihail"]
[Result "1/2-1/2"]
[WhiteTitle "FM"]
[WhiteElo "2257"]
[BlackElo "2011"]
[WhiteTeam "AO Zenon Glyfadas"]
[BlackTeam "Papagou"]
[WhiteFideId "4201230"]
[BlackFideId "4203569"]
[EventDate "2011.07.03"]

1. e4 c5 2. Nf3 a6 3. Nc3 g6 4. d4 cxd4 5. Qxd4 Nf6 6. Nd5 Nc6 7. Qc3 Bg7 8. Be3
O-O 9. Qb3 Nxd5 10. exd5 Na5 11. Qb4 b5 12. a4 Nc4 13. Bxc4 bxc4 14. a5 Qc7 15.
Bb6 Qf4 16. O-O d6 17. Rfe1 Bg4 18. Ra3 Rac8 19. Rae3 Qf5 20. Rxe7 Bxf3 21. gxf3
Qxd5 22. R7e4 h5 23. Kg2 Qg5+ 24. Kh1 d5 25. R4e2 Rc6 26. Bc5 Rfc8 27. Re8+ Kh7
28. Bf8 Rxe8 29. Rxe8 Re6 30. Rxe6 fxe6 31. Bxg7 Kxg7 32. Qb7+ Kh6 33. Qxa6 Qf6
34. Kg2 Qg5+ 35. Kf1 Qc1+ 36. Kg2 Qg5+ 37. Kf1 e5 38. Qc8 Qc1+ 39. Kg2 Qg5+ 40.
Kf1 Qc1+ 41. Kg2 Qg5+ 1/2-1/2

[Event "39th TCh-GRE"]
[Site "Eretria GRE"]
[Date "2011.07.06"]
[Round "5.15"]
[White "Mihailidis, Hristos"]
[Black "Kordis, Konstantinos"]
[Result "0-1"]
[WhiteElo "1497"]
[BlackElo "2207"]
[WhiteTeam "Papagou"]
[BlackTeam "AO Zenon Glyfadas"]
[WhiteFideId "4205960"]
[BlackFideId "4205197"]
[EventDate "2011.07.03"]

1. e4 c5 2. Nf3 e6 3. d4 cxd4 4. Nxd4 a6 5. Nc3 Qc7 6. Bd3 Bc5 7. Nf3 Nc6 8. O-O
Nf6 9. Re1 Ng4 10. Rf1 Nd4 11. g3 Nxf3+ 12. Qxf3 Ne5 13. Qf4 b5 14. a3 Bb7 15.
Bd2 h5 16. Kh1 Bd6 17. Qg5 Nf3 18. Qxg7 O-O-O 19. Be3 h4 20. Kg2 Nxh2 21. Kxh2
Be5 22. Qg5 Rdg8 23. Qe7 hxg3+ 24. Kg2 gxf2+ 25. Kf3 f5 26. Ke2 Bxc3 27. bxc3
fxe4 28. Bd4 exd3+ 29. cxd3 e5 30. Bxf2 e4 31. dxe4 Qc4+ 32. Kd2 Rh2 33. Qe5
Bxe4 34. Qxh2 Qd3+ 35. Ke1 Qxc3+ 36. Kd1 Bf3# 0-1

[Event "39th TCh-GRE"]
[Site "Eretria GRE"]
[Date "2011.07.06"]
[Round "5.15"]
[White "Shamash, Michelle"]
[Black "Pavlogianni, Despina"]
[Result "1/2-1/2"]
[WhiteElo "1752"]
[BlackElo "1925"]
[WhiteTeam "AO Zenon Glyfadas"]
[BlackTeam "Papagou"]
[WhiteFideId "4225767"]
[BlackFideId "4209982"]
[EventDate "2011.07.03"]

1. d4 Nf6 2. c4 e6 3. Nc3 Bb4 4. Qc2 O-O 5. e4 Bxc3+ 6. bxc3 d6 7. Bd3 e5 8. Ne2
Nbd7 9. O-O Re8 10. Bg5 h6 11. Be3 Ng4 12. Bd2 Qh4 13. h3 Ngf6 14. f4 Nh7 15.
Be1 Qe7 16. fxe5 dxe5 17. d5 Nc5 18. Ng3 g6 19. Bd2 Kg7 20. Rf3 Ng5 21. Bxg5
Qxg5 22. Raf1 Rf8 23. Qf2 Qe7 24. Bc2 b6 25. Kh2 a5 26. Rf6 Ba6 27. Qe2 Nd7 28.
R6f3 Qc5 29. Bd3 Rac8 30. h4 c6 31. h5 cxd5 32. cxd5 Bxd3 33. Qxd3 Qc4 34. Qxc4
Rxc4 35. hxg6 fxg6 36. Rxf8 Nxf8 37. Rf3 Nd7 38. Rd3 Kf7 39. Kg1 Ke7 40. Kf2 Nc5
41. Re3 Ra4 42. Re2 Kd6 43. Ke3 Ra3 44. Rc2 b5 45. Nf1 b4 46. Nd2 Rxc3+ 47. Rxc3
bxc3 48. Nc4+ Kc7 49. Nxe5 c2 50. Kd2 Nxe4+ 51. Kxc2 1/2-1/2

[Event "39th TCh-GRE"]
[Site "Eretria GRE"]
[Date "2011.07.06"]
[Round "5.15"]
[White "Georgantas, Antonios1"]
[Black "Zervas, Ilias"]
[Result "0-1"]
[WhiteElo "1729"]
[BlackElo "1835"]
[WhiteTeam "Papagou"]
[BlackTeam "AO Zenon Glyfadas"]
[WhiteFideId "4212894"]
[BlackFideId "4214633"]
[EventDate "2011.07.03"]

1. e4 e5 2. Nf3 Nf6 3. Nxe5 d6 4. Nf3 Nxe4 5. Nc3 Nxc3 6. dxc3 Be7 7. Be3 O-O 8.
Qd2 Nc6 9. O-O-O Ne5 10. Be2 Be6 11. Kb1 Nc4 12. Bxc4 Bxc4 13. g4 c6 14. Nd4 Qa5
15. Nb3 Bxb3 16. cxb3 Rfe8 17. h4 Qe5 18. Rde1 Qe4+ 19. Ka1 Qxg4 20. Rhg1 Qxh4
21. Rh1 Qf6 22. Reg1 Qf5 23. Qd1 Bf6 24. Rh5 Qe4 25. Rg4 Qe6 26. Qg1 g6 27. Rg2
Bg7 28. Rh1 d5 29. Qh2 h5 30. Qg3 Qe5 31. Qh3 a5 32. a3 b5 33. Bd4 Qe6 34. Qh4
Qe4 35. Qg5 Bxd4 36. cxd4 Qxd4 37. Qxh5 Qg7 38. Qg5 Re2 39. Qc1 Rae8 40. Rgh2 d4
41. Qxc6 d3 42. Rh8+ Qxh8 43. Rxh8+ Kxh8 44. Qc3+ Kh7 45. Qxd3 b4 46. axb4 axb4
47. Qd5 Rxf2 48. Kb1 Re1+ 49. Ka2 Rff1 0-1

[Event "39th TCh-GRE"]
[Site "Eretria GRE"]
[Date "2011.07.06"]
[Round "5.15"]
[White "Drakoulakos, Grigorios"]
[Black "Koutsidis, Achilleas"]
[Result "1-0"]
[WhiteElo "1694"]
[BlackElo "1554"]
[WhiteTeam "AO Zenon Glyfadas"]
[BlackTeam "Papagou"]
[WhiteFideId "4264541"]
[BlackFideId "4243080"]
[EventDate "2011.07.03"]

1. d4 Nf6 2. c4 g6 3. Nc3 d5 4. Bf4 Bg7 5. e3 c5 6. Nf3 cxd4 7. exd4 Nc6 8. h3
O-O 9. Be2 dxc4 10. Bxc4 Bd7 11. a3 Rc8 12. Ba2 Na5 13. Qe2 a6 14. O-O b5 15.
Rfe1 e6 16. Bd6 Re8 17. Bc5 Nb7 18. b4 Qc7 19. Ne5 Bc6 20. Rad1 Rcd8 21. Nxf7
Qxf7 22. Bxe6 Rxe6 23. Qxe6 Qxe6 24. Rxe6 Rc8 25. f3 Kf7 26. Re7+ Kg8 27. Re2
Re8 28. Rxe8+ Bxe8 29. Rd3 Nxc5 30. bxc5 Kf7 31. d5 Ke7 32. d6+ Kd8 33. d7 Nxd7
34. c6 Kc7 35. cxd7 Bxd7 36. Nd5+ Kb7 37. Kf2 Bf5 38. Rd2 g5 39. Ne3 Be6 40. Rd6
Bc8 41. g4 Bf8 42. Rd3 Be6 43. Kg3 a5 44. Nf5 Kc6 45. Nd4+ Kd5 46. Nxe6+ Kxe6
47. h4 h6 48. hxg5 hxg5 49. Kf2 b4 50. axb4 Bxb4 51. Ke3 Ke5 52. Rd1 a4 53. Ra1
a3 54. Ra2 Bc5+ 55. Ke2 Kd4 56. Rc2 Bb4 57. Rc8 Bc3 58. Ra8 Bb2 59. f4 gxf4 60.
Ra5 Ke4 61. g5 f3+ 62. Kf1 Bg7 63. Rxa3 Kf5 64. Ra5+ Kg6 65. Kf2 Bc3 66. Rd5 Bb4
67. Kxf3 Kh5 68. Kf4 Be7 69. Kf5 Bxg5 70. Rd1 1-0

[Event "39th TCh-GRE"]
[Site "Eretria GRE"]
[Date "2011.07.06"]
[Round "5.16"]
[White "Khetsuriani, Besarion"]
[Black "Doumas, Georgios"]
[Result "1-0"]
[WhiteTitle "IM"]
[WhiteElo "2325"]
[BlackElo "2014"]
[WhiteTeam "S.A.S. Koropiou"]
[BlackTeam "Chess Union Kalamata"]
[WhiteFideId "13600559"]
[BlackFideId "4207521"]
[EventDate "2011.07.03"]

1. c4 e6 2. Nf3 d5 3. d4 Nf6 4. g3 Be7 5. Bg2 O-O 6. O-O c6 7. Nc3 Nbd7 8. b3 b6
9. Bb2 Bb7 10. Qc2 Rc8 11. e4 dxe4 12. Nxe4 Nxe4 13. Qxe4 Nf6 14. Qc2 c5 15.
Rad1 Qc7 16. d5 exd5 17. Be5 Qc6 18. Ng5 Ne4 19. cxd5 Qg6 20. Nxe4 Rfd8 21. d6
Bxd6 22. Bxd6 1-0

[Event "39th TCh-GRE"]
[Site "Eretria GRE"]
[Date "2011.07.06"]
[Round "5.16"]
[White "Pantazis, Konstantinos"]
[Black "Delithanasis, Dimitrios"]
[Result "1/2-1/2"]
[WhiteElo "1628"]
[BlackElo "2110"]
[WhiteTeam "Chess Union Kalamata"]
[BlackTeam "S.A.S. Koropiou"]
[WhiteFideId "4241231"]
[BlackFideId "4200799"]
[EventDate "2011.07.03"]

1. e4 e6 2. d4 d5 3. Nc3 Bb4 4. e5 Ne7 5. a3 Bxc3+ 6. bxc3 c5 7. Qg4 Qc7 8. Qxg7
Rg8 9. Qxh7 cxd4 10. Ne2 Nbc6 11. f4 dxc3 12. Qd3 d4 13. Rb1 Bd7 14. Ng3 O-O-O
15. Ne4 Nxe5 16. Qxd4 Bc6 17. Qxc3 Bxe4 18. Qxc7+ Kxc7 19. fxe5 Bxc2 20. Ra1
Rd1+ 21. Kf2 Be4 22. Rg1 Nf5 23. g3 Rh8 24. Bg2 Rxh2 25. Rxd1 Rxg2+ 26. Ke1 Rxg3
27. Bb2 Rg1+ 28. Kd2 Rg2+ 29. Kc3 Ne3 30. Rdc1 Bc6 31. Kd3 Nd5 32. Bd4 Nf4+ 33.
Kc4 b5+ 34. Kb3 a5 35. Rc2 a4+ 36. Kb2 Rg4 37. Rac1 Nd3+ 38. Kc3 Nxc1 39. Rxc1
b4+ 40. axb4 Bb5 41. Bc5 Rc4+ 42. Kd2 Rxc1 43. Kxc1 Kc6 44. Be7 Kd5 45. Bf6 Kc4
46. Be7 Kc3 47. Kb1 1/2-1/2

[Event "39th TCh-GRE"]
[Site "Eretria GRE"]
[Date "2011.07.06"]
[Round "5.16"]
[White "Genova, Ruzka"]
[Black "Petraki, Maria"]
[Result "1-0"]
[WhiteTitle "WIM"]
[BlackTitle "WFM"]
[WhiteElo "2188"]
[BlackElo "2024"]
[WhiteTeam "Chess Union Kalamata"]
[BlackTeam "S.A.S. Koropiou"]
[WhiteFideId "2902273"]
[BlackFideId "4200985"]
[EventDate "2011.07.03"]

1. Nf3 Nf6 2. c4 e6 3. g3 b6 4. Bg2 Bb7 5. O-O Be7 6. Nc3 O-O 7. d4 Ne4 8. Bd2
Nxc3 9. Bxc3 d6 10. Qc2 f5 11. d5 e5 12. b4 Nd7 13. Nd2 Qe8 14. Nb3 f4 15. c5
Nf6 16. gxf4 Qh5 17. Rad1 Bc8 18. fxe5 dxe5 19. Qd3 Bf5 20. e4 Bg4 21. Rd2 Nd7
22. f4 exf4 23. h3 bxc5 24. hxg4 Qxg4 25. Qh3 Qxh3 26. Bxh3 cxb4 27. Bd4 Nb6 28.
Rg2 Bf6 29. Bc5 Rfe8 30. Rxf4 Bc3 31. Be6+ Kh8 32. Rf7 Nc4 33. Rxc7 Ne5 34. Kh1
Ng6 35. Nd4 a5 36. Bf5 a4 37. d6 b3 38. axb3 a3 39. d7 Red8 40. Rc8 Bb2 41.
Rxd8+ Rxd8 42. Bxa3 Bxd4 43. Rc2 Bf6 44. Rc8 Kg8 45. Be6+ Kh8 46. Bd6 1-0

[Event "39th TCh-GRE"]
[Site "Eretria GRE"]
[Date "2011.07.06"]
[Round "5.16"]
[White "Adamos, Thomas"]
[Black "Mavromihalis, Konstantinos"]
[Result "0-1"]
[WhiteElo "1763"]
[BlackElo "1816"]
[WhiteTeam "S.A.S. Koropiou"]
[BlackTeam "Chess Union Kalamata"]
[WhiteFideId "4220552"]
[BlackFideId "4239342"]
[EventDate "2011.07.03"]

1. e4 e6 2. d4 d5 3. Nd2 dxe4 4. Nxe4 Nd7 5. Nf3 Ngf6 6. Bd3 Be7 7. O-O O-O 8.
Ng3 b6 9. Ne5 Bb7 10. Re1 c5 11. c3 Nd5 12. a3 Nxe5 13. dxe5 Bg5 14. Qh5 h6 15.
Bxg5 Qxg5 16. Qxg5 hxg5 17. Ne4 Nf4 18. Bc2 Rad8 19. Rad1 Bxe4 20. Bxe4 f6 21.
g3 Nh3+ 22. Kg2 g4 23. exf6 gxf6 24. Bc6 Ng5 25. Rd7 Rxd7 26. Bxd7 Kf7 27. Ba4
Nf3 28. Rd1 Rh8 29. h4 Ne5 30. Bb3 c4 31. Bc2 f5 32. Rd6 Ke7 33. Rd1 Rc8 34. Bb1
b5 35. Bc2 a5 36. Kf1 Rc5 37. Kg2 Nf3 38. Kf1 Kf7 39. Rd8 Re5 40. Rd1 Ke7 41. b4
a4 42. Bb1 Kf7 43. Rd7+ Ke8 44. Rd1 Ke7 45. Bc2 Nh2+ 46. Kg1 Re2 47. Bb1 Nf3+
48. Kf1 Rb2 49. Kg2 Nd2 50. Bxf5 exf5 51. Re1+ Ne4 52. Rd1 Rxf2+ 53. Kg1 Nxc3
54. Re1+ Re2 55. Rf1 Kf6 56. Rc1 Ne4 57. Rd1 c3 58. Rd8 c2 59. Rf8+ Kg7 0-1

[Event "39th TCh-GRE"]
[Site "Eretria GRE"]
[Date "2011.07.06"]
[Round "5.17"]
[White "Tepelenis, Nikolaos"]
[Black "Dochev, Dimitar"]
[Result "0-1"]
[BlackTitle "IM"]
[WhiteElo "2156"]
[BlackElo "2426"]
[WhiteTeam "Association of Chess Players of Ioannina"]
[BlackTeam "Aigialeias Chess Union"]
[WhiteFideId "4207599"]
[BlackFideId "2900939"]
[EventDate "2011.07.03"]

1. d4 Nf6 2. c4 g6 3. Nc3 Bg7 4. e4 d6 5. Nf3 O-O 6. h3 e5 7. dxe5 dxe5 8. Bg5
Nbd7 9. Be2 Qe7 10. O-O c6 11. Qc2 Nc5 12. Rfe1 Ne6 13. Be3 Nh5 14. Rad1 Nhf4
15. Rd2 Nxe2+ 16. Rexe2 Qf6 17. Re1 Nf4 18. Bxf4 Qxf4 19. Re3 Be6 20. b3 Qf6 21.
Red3 Qe7 22. Rd6 Rfd8 23. Rxd8+ Rxd8 24. Rxd8+ Qxd8 25. Qd2 Qe7 26. Na4 f6 27.
c5 Qc7 28. Qe3 Bf8 29. a3 Qd8 30. Qd2 Qxd2 31. Nxd2 Bh6 32. Nc4 Bxc4 33. bxc4
Bc1 34. Kf1 Kf7 35. Ke2 Bxa3 36. f3 Ke6 37. Kd3 Bb4 38. Ke3 h5 39. Kd3 h4 40.
Ke3 Ba3 41. Kd3 Kf7 0-1

[Event "39th TCh-GRE"]
[Site "Eretria GRE"]
[Date "2011.07.06"]
[Round "5.17"]
[White "Siempos, Konstantinos"]
[Black "Basios, Athanasios"]
[Result "1/2-1/2"]
[WhiteElo "1917"]
[BlackElo "1916"]
[WhiteTeam "Aigialeias Chess Union"]
[BlackTeam "Association of Chess Players of Ioannina"]
[WhiteFideId "4208498"]
[BlackFideId "4215494"]
[EventDate "2011.07.03"]

1. e4 c5 2. c3 g6 3. d4 cxd4 4. cxd4 d5 5. Nc3 dxe4 6. Bc4 Bg7 7. Qb3 e6 8. d5
Qb6 9. Qxb6 axb6 10. Nb5 Na6 11. Ne2 exd5 12. Bxd5 Nf6 13. Nec3 O-O 14. O-O Nxd5
15. Nxd5 Bd7 16. Nbc3 f5 17. Nxb6 Rad8 18. Bg5 Bf6 19. Bh6 Rf7 20. Ncd5 Bxb2 21.
Rad1 Nc5 22. Bg5 Re8 23. Nc4 Be5 24. Bf4 Bxf4 25. Nxf4 Ra8 26. Nd6 Rff8 27. Rd2
Bc6 28. Rc1 Nd3 29. Nxd3 exd3 30. Rxd3 Rxa2 31. Re3 1/2-1/2

[Event "39th TCh-GRE"]
[Site "Eretria GRE"]
[Date "2011.07.06"]
[Round "5.17"]
[White "Sigkounas, Alkis"]
[Black "Bakoyannis, Thodoris"]
[Result "1-0"]
[WhiteElo "1727"]
[BlackElo "1629"]
[WhiteTeam "Association of Chess Players of Ioannina"]
[BlackTeam "Aigialeias Chess Union"]
[WhiteFideId "4238842"]
[BlackFideId "4252837"]
[EventDate "2011.07.03"]

1. d4 Nf6 2. c4 e6 3. Nc3 Bb4 4. a3 Bxc3+ 5. bxc3 b6 6. f3 d6 7. e4 e5 8. Bd3
Nc6 9. Ne2 O-O 10. Ra2 Ba6 11. g4 Na5 12. Ng3 Bxc4 13. Bxc4 Nxc4 14. d5 c6 15.
g5 Ne8 16. dxc6 Na5 17. Rg2 g6 18. h4 Qc7 19. h5 Qxc6 20. Rgh2 Qxc3+ 21. Bd2 Qc7
22. hxg6 fxg6 23. Bxa5 bxa5 24. Qd5+ Rf7 25. Rxh7 Qc3+ 26. Kd1 Qa1+ 27. Ke2 Qb2+
28. Kf1 Qc1+ 29. Kf2 Qc2+ 30. Ne2 Qc5+ 31. Qxc5 Rxh7 32. Qd5+ 1-0

[Event "39th TCh-GRE"]
[Site "Eretria GRE"]
[Date "2011.07.07"]
[Round "6.1"]
[White "Halkias, Stelios"]
[Black "Argiroudis, Stamatis"]
[Result "1-0"]
[WhiteTitle "GM"]
[WhiteElo "2600"]
[BlackElo "2308"]
[WhiteTeam "SS Peristeri"]
[BlackTeam "OS Triandria"]
[WhiteFideId "4201809"]
[BlackFideId "4202210"]
[EventDate "2011.07.03"]

1. Nf3 Nf6 2. c4 g6 3. Nc3 d5 4. cxd5 Nxd5 5. Qc2 Bg7 6. e4 Nb6 7. d4 O-O 8. Be3
Bg4 9. Ne5 Be6 10. Rd1 c6 11. Be2 N8d7 12. Nd3 Bc4 13. O-O e6 14. Qc1 Qc7 15.
Bh6 c5 16. Bf4 e5 17. dxe5 Bxd3 18. Rxd3 Nxe5 19. Rh3 Rfe8 20. a4 a5 21. Bh6 Bh8
22. Nb5 Qe7 23. Bg5 f6 24. Be3 Rec8 25. f4 Nf7 26. Qc2 Bg7 27. e5 fxe5 28. f5 e4
29. fxg6 hxg6 30. Rf4 Re8 31. Rg4 g5 32. Rhg3 Bf6 33. Nc3 Ne5 34. Rxg5+ Bxg5 35.
Bxg5 Qe6 36. Nxe4 Nd5 37. Bf6+ Kf8 38. Qxc5+ Re7 39. Bxe7+ Nxe7 40. Ng5 Qf5 1-0

[Event "39th TCh-GRE"]
[Site "Eretria GRE"]
[Date "2011.07.07"]
[Round "6.1"]
[White "Kelesiadis, Georgios"]
[Black "Banikas, Hristos"]
[Result "0-1"]
[BlackTitle "GM"]
[WhiteElo "2095"]
[BlackElo "2593"]
[WhiteTeam "OS Triandria"]
[BlackTeam "SS Peristeri"]
[WhiteFideId "4205740"]
[BlackFideId "4202031"]
[EventDate "2011.07.03"]

1. d4 Nf6 2. Bg5 d5 3. Bxf6 gxf6 4. e3 c5 5. dxc5 e6 6. c4 dxc4 7. Qxd8+ Kxd8 8.
Bxc4 Bxc5 9. Nc3 Ke7 10. Nge2 Bd7 11. Nf4 Rc8 12. Bb3 Bb4 13. Rc1 Na6 14. f3 Nc5
15. Kf2 Ba5 16. Rhd1 Rc6 17. Bc4 Bxc3 18. Rxc3 Na4 19. Rcd3 Be8 20. R1d2 Rxc4
21. b3 Rb4 22. bxa4 Rxa4 23. Rc3 Bc6 24. Ne2 Rc8 25. a3 Bd7 26. Rdc2 Rxc3 27.
Rxc3 b6 28. e4 Ra5 29. Ke3 f5 30. Ng3 fxe4 31. Nxe4 f5 32. Ng3 Re5+ 33. Kf4 Rd5
34. Ke3 a5 35. f4 Rb5 36. Ne2 Rb2 37. Kf3 Kd6 38. Rd3+ Kc7 39. Nd4 b5 40. h4 a4
41. g3 b4 42. axb4 Rxb4 43. Ke3 Rb2 44. Rc3+ Kb6 45. Kd3 Bb5+ 46. Ke3 Ka5 47.
Nc2 Rb3 48. Kd4 h5 49. Re3 Rxe3 50. Kxe3 Bc6 51. Kd4 Be4 52. Ne3 Kb4 53. Nd1 a3
54. Nc3 Bb1 55. g4 fxg4 0-1

[Event "39th TCh-GRE"]
[Site "Eretria GRE"]
[Date "2011.07.07"]
[Round "6.1"]
[White "Papadopoulou, Vera"]
[Black "Berzina, Ilze"]
[Result "1-0"]
[WhiteTitle "WIM"]
[BlackTitle "WGM"]
[WhiteElo "2210"]
[BlackElo "2307"]
[WhiteTeam "SS Peristeri"]
[BlackTeam "OS Triandria"]
[WhiteFideId "4205472"]
[BlackFideId "11601345"]
[EventDate "2011.07.03"]

1. d4 d5 2. c4 e6 3. cxd5 exd5 4. Nc3 c6 5. Bf4 Nf6 6. Qc2 Bd6 7. Bxd6 Qxd6 8.
e3 Bg4 9. Bd3 Bh5 10. Nge2 Bg6 11. Ng3 Bxd3 12. Qxd3 O-O 13. O-O Nbd7 14. Rab1
Rfe8 15. Rfc1 Ng4 16. Qf5 Ndf6 17. Qf3 Qe6 18. Qf5 Qd6 19. Qf3 Re6 20. h3 Nh6
21. b4 Nd7 22. b5 Nb6 23. bxc6 bxc6 24. Nf5 Nxf5 25. Qxf5 Rae8 26. a4 Rf6 27.
Qg4 Qe7 28. Ne2 Nc4 29. Rc3 Nd2 30. Rbc1 Ne4 31. Rxc6 Nxf2 32. Qg3 Ne4 33. Qg4
Qa3 34. Rc8 Qxe3+ 35. Kh2 Re6 36. Nf4 Nf6 37. Qf5 g6 38. Qg5 Ne4 39. Nxe6 1-0

[Event "39th TCh-GRE"]
[Site "Eretria GRE"]
[Date "2011.07.07"]
[Round "6.1"]
[White "Vafiadou, Asimenia"]
[Black "Spirou, Marina"]
[Result "0-1"]
[WhiteElo "1641"]
[BlackElo "1897"]
[WhiteTeam "OS Triandria"]
[BlackTeam "SS Peristeri"]
[WhiteFideId "4218914"]
[BlackFideId "4216989"]
[EventDate "2011.07.03"]

1. d4 Nf6 2. Nf3 e6 3. Bg5 c5 4. e3 h6 5. Bh4 Be7 6. Bd3 b6 7. Nbd2 cxd4 8. exd4
Bb7 9. O-O O-O 10. c3 d6 11. Re1 Nbd7 12. Qc2 Qc7 13. Re2 Rfe8 14. Bg3 Nh5 15.
Ne4 Nxg3 16. hxg3 Bf8 17. Rae1 e5 18. dxe5 dxe5 19. Bb5 Bc6 20. Bxc6 Qxc6 21.
Qb3 b5 22. Nfd2 a5 23. Nf1 a4 24. Qc2 g6 25. Ned2 Bg7 26. Nf3 Rad8 27. Rd1 e4
28. Nd4 Qb7 29. Ne3 Nc5 30. Red2 b4 31. Nc4 bxc3 32. bxc3 Qa6 33. Na3 e3 34. Re2
exf2+ 35. Rxf2 Ne4 36. Rf3 Bxd4+ 37. Rxd4 Rxd4 38. cxd4 Ng5 39. Rf2 Re1+ 40. Kh2
Ne4 41. Rf4 Qe6 42. Qxa4 g5 43. Rf3 Nf6 44. Rxf6 Qxf6 45. Qa8+ Kg7 46. Qf3 Qg6
47. d5 Rc1 48. Qg4 Qb6 49. Qe4 Qg1+ 50. Kh3 Qh1+ 51. Kg4 Qd1+ 52. Kf5 Qf1+ 53.
Kg4 Re1 54. Qd4+ Kg6 0-1

[Event "39th TCh-GRE"]
[Site "Eretria GRE"]
[Date "2011.07.07"]
[Round "6.1"]
[White "Fragkou, Eleni"]
[Black "Koutsoura, Georgia"]
[Result "1-0"]
[WhiteElo "1864"]
[BlackElo "1374"]
[WhiteTeam "SS Peristeri"]
[BlackTeam "OS Triandria"]
[WhiteFideId "4221150"]
[BlackFideId "4247930"]
[EventDate "2011.07.03"]

1. d4 Nf6 2. Nf3 b6 3. e3 Bb7 4. Bd3 e6 5. O-O Be7 6. Nbd2 O-O 7. Re1 d6 8. e4
Nbd7 9. e5 dxe5 10. dxe5 Nd5 11. Ne4 Nc5 12. Nxc5 Bxc5 13. Bxh7+ Kh8 14. Bd3 Be7
15. Ng5 Bxg5 16. Qh5+ Bh6 17. Bxh6 g6 18. Qg4 Re8 19. Bg5 Qd7 20. c4 Ne7 21.
Bf6+ Kg8 22. Qh3 Kf8 23. Qh6+ 1-0

[Event "39th TCh-GRE"]
[Site "Eretria GRE"]
[Date "2011.07.07"]
[Round "6.1"]
[White "Konstantinidis, Konstantinos"]
[Black "Tzouganakis, Panteleimon"]
[Result "1/2-1/2"]
[WhiteElo "1943"]
[BlackElo "2086"]
[WhiteTeam "OS Triandria"]
[BlackTeam "SS Peristeri"]
[WhiteFideId "4216199"]
[BlackFideId "4215826"]
[EventDate "2011.07.03"]

1. e4 c5 2. Nf3 d6 3. d4 cxd4 4. Nxd4 Nf6 5. Nc3 a6 6. a4 e5 7. Nb3 Be6 8. Bg5
Be7 9. Bxf6 Bxf6 10. Nd5 Nd7 11. Be2 O-O 12. O-O Rc8 13. c3 Nb6 14. Na5 Nxd5 15.
exd5 Bd7 16. Nc4 Be7 17. Qb3 b5 18. axb5 Bxb5 19. Rfe1 Rc5 20. Ne3 Bxe2 21. Rxe2
a5 22. Ra4 f5 23. Rc4 Qc7 24. Rxc5 Qxc5 25. Qc4 Qb6 26. Qc6 Qb3 27. Qc4 a4 28.
Qxb3 axb3 29. Re1 f4 30. Nc4 Ra8 31. Nd2 1/2-1/2

[Event "39th TCh-GRE"]
[Site "Eretria GRE"]
[Date "2011.07.07"]
[Round "6.1"]
[White "Ioannidis, Evgenios"]
[Black "Tsaknakis, Zisis"]
[Result "1-0"]
[WhiteElo "1838"]
[BlackElo "1579"]
[WhiteTeam "SS Peristeri"]
[BlackTeam "OS Triandria"]
[WhiteFideId "4229274"]
[BlackFideId "4259963"]
[EventDate "2011.07.03"]

1. d4 Nf6 2. c4 g6 3. Nc3 Bg7 4. Nf3 O-O 5. Bf4 d6 6. h3 c5 7. e3 cxd4 8. exd4
Nbd7 9. Be2 Re8 10. O-O Nh5 11. Bh2 Qb6 12. Qd2 e5 13. Nd5 Qd8 14. dxe5 dxe5 15.
Rad1 Nhf6 16. Rfe1 Nxd5 17. Qxd5 Qe7 18. Bf1 Nb6 19. Qa5 e4 20. c5 Nd7 21. Bd6
Qf6 22. Rd4 b6 23. cxb6 Bb7 24. Qb5 Qf5 25. bxa7 Qxb5 26. Bxb5 exf3 27. Rxe8+
Rxe8 28. Rd1 fxg2 29. Bxd7 Re2 30. Bg4 Rxb2 31. Ba3 Rxa2 32. Rd8+ Bf8 33. Bxf8
Ra1+ 34. Bd1 h5 35. Ba3+ Kh7 36. Bb2 Bf3 1-0

[Event "39th TCh-GRE"]
[Site "Eretria GRE"]
[Date "2011.07.07"]
[Round "6.2"]
[White "Sedlak, Nikola"]
[Black "Antic, Dejan"]
[Result "1-0"]
[WhiteTitle "GM"]
[BlackTitle "GM"]
[WhiteElo "2580"]
[BlackElo "2487"]
[WhiteTeam "ES Thessaloniki"]
[BlackTeam "CC Kavala"]
[WhiteFideId "922900"]
[BlackFideId "901008"]
[EventDate "2011.07.03"]

1. d4 e6 2. c4 Bb4+ 3. Bd2 Bxd2+ 4. Qxd2 Nf6 5. g3 d5 6. Bg2 O-O 7. Nf3 c6 8.
O-O Nbd7 9. Rc1 b6 10. Ne5 Bb7 11. cxd5 cxd5 12. Nc3 Qe7 13. Nb5 a6 14. Rc7 Rab8
15. Rxb7 Rxb7 16. Nc6 Qe8 17. Nd6 Qa8 18. Rc1 Nb8 19. Nxb7 Qxb7 20. Qc3 Nxc6 21.
Qxc6 Qxc6 22. Rxc6 Rb8 23. e3 a5 24. Bf1 Kf8 25. Bd3 h6 26. Kf1 Ne8 27. Ke2 Ke7
28. Bb5 Nd6 29. Rc7+ Kf8 30. Bd3 Rc8 31. Rd7 Rc6 32. f3 Ke8 33. Ra7 Kd8 34. e4
Rc7 35. Ra6 Nc8 36. Ke3 dxe4 37. fxe4 Ra7 38. Rxa7 Nxa7 39. Bc4 Nc6 40. e5 Ne7
41. Ke4 Ng6 42. d5 Nf8 43. Be2 Nd7 44. Kd4 Ke7 45. a3 f6 46. dxe6 Kxe6 47. Bc4+
Ke7 48. exf6+ Nxf6 49. Ke5 Ng4+ 50. Kf4 Nf6 51. Kf5 Ne8 52. Bd5 Nd6+ 53. Ke5 Ne8
54. Bf3 Nf6 55. h3 Kd7 56. Be2 Ke7 57. Bd3 Nh5 58. g4 Nf6 59. Bf5 g5 60. Bc8 Ne8
61. Bb7 Nc7 62. Kf5 b5 63. Ke5 Ne6 64. Be4 b4 65. axb4 axb4 66. Bc2 Nc5 67. b3
Ne6 68. Bd3 Nf4 69. Bf1 Kf7 70. Kf5 Ke7 71. h4 Ne6 72. Bc4 Nd4+ 73. Ke4 Nc2 74.
h5 Kd6 75. Bd3 Na1 76. Bc4 Nc2 77. Be2 Kc5 78. Ke5 Nd4 79. Bc4 Nc2 80. Kf6 Ne3
81. Be2 Kd6 82. Kg6 Ke7 83. Kxh6 Kf6 84. Kh7 Nd5 85. Kg8 Ne7+ 86. Kf8 Nc6 87.
Bd3 Ne5 88. h6 1-0

[Event "39th TCh-GRE"]
[Site "Eretria GRE"]
[Date "2011.07.07"]
[Round "6.2"]
[White "Skembris, Spyridon"]
[Black "Malikentzos, Sotirios"]
[Result "1-0"]
[WhiteTitle "GM"]
[BlackTitle "FM"]
[WhiteElo "2475"]
[BlackElo "2314"]
[WhiteTeam "CC Kavala"]
[BlackTeam "ES Thessaloniki"]
[WhiteFideId "4200020"]
[BlackFideId "4215079"]
[EventDate "2011.07.03"]

1. c4 e6 2. Nf3 d5 3. e3 Nf6 4. Nc3 Nbd7 5. d4 c6 6. Qc2 b6 7. b3 Bb7 8. Bb2 Bd6
9. Bd3 O-O 10. O-O h6 11. Rac1 Qe7 12. Rfe1 Rac8 13. e4 dxe4 14. Nxe4 Nxe4 15.
Bxe4 Nf6 16. c5 Bf4 17. Rcd1 Ba6 18. Ne5 Bxe5 19. dxe5 Nxe4 20. Rxe4 Qxc5 21.
Qxc5 bxc5 22. Ba3 Rfd8 23. Rd6 c4 24. bxc4 Rxd6 25. exd6 Rd8 26. f4 Kh7 27. Kf2
Rd7 28. Ke3 Bc8 29. Kd4 Rb7 30. Kc5 Bd7 31. Bb4 f6 32. Re3 Kg6 33. Ra3 Kf5 34.
Bd2 e5 35. g4+ Ke6 36. fxe5 fxe5 37. Re3 Kf7 38. Rxe5 Bxg4 39. Kxc6 Bf3+ 40. Kc5
Bg4 41. Ba5 g5 42. Kc6 Rb2 43. d7 Bxd7+ 44. Kxd7 Rxa2 45. Bc7 Rd2+ 1-0